00756nam a2200229Ia 450000500170000000800410001702000250005804000190008304100120010208200150011424500890012925000110021826000410022930000120027050400500028265000160033270000300034885000100037894200070038899900170039595201140041220220624090744.0131103s9999 xx 000 0 und d a415341485cGBP 26.99 aLoreto College aEnglish a304.2bTUA 4aThe geopolitics readercEdited by Gearoid O Tuathail, Simon Dalby and Paul Routledge a2nd ed aLondon and New YorkbRoutledgec2006 ax,302p  aIncludes bibliographical references and index aGeopolitics aTuathail, Gearoid O.4ed. aLCLIB cBK c14926d65405 00102ddc4070aMAINbMAINd2013-11-04l1o304.2 TUA 45094pB14967r2013-11-18s2013-11-11w2013-11-04yBKf